| 000 | 00436nam a2200169Ia 4500 | ||
|---|---|---|---|
| 008 | 210210b1992 xxu||||| |||| 00| 0 eng d | ||
| 020 | _a81 85674 37 X | ||
| 082 | _a797.21 DAVH | ||
| 100 | _aDAVID (Douglas J) | ||
| 245 | _aHow to learn swimming in 30 days. | ||
| 260 |
_aLondon. _bUBSPD., _c1992 |
||
| 300 | _a105 | ||
| 650 | _aSwimming | ||
| 690 | _aAthletic & Outdoor Sports | ||
| 700 | _aMATHUR (Meenakshi). | ||
| 906 | _a046501 | ||
| 999 |
_c95989 _d95989 |
||